Statistiques concernant Orthographe - mots féminins

Cliquez ici pour prendre le quiz!

Statistiques générales

  • Ce quiz a été pris 185 fois
  • Le résultat moyen est 33 sur 38

Statistiques - réponses

MasculinFéminin% Correct
amiamie
100%
concurrentconcurrente
99%
bergerbergère
99%
cousincousine
99%
lépreuxlépreuse
98%
journalistejournaliste
98%
locatairelocataire
97%
chienchienne
96%
lionlionne
95%
frèresoeur
95%
chatchatte
95%
princeprincesse
95%
acteuractrice
95%
voleurvoleuse
95%
patronpatronne
94%
pharmacienpharmacienne
94%
roireine
94%
garçongarçonne
94%
oncletante
93%
pèremère
93%
coqpoule
93%
professeurprofesseur
93%
mariémariée
93%
parrainmarraine
93%
candidatcandidate
93%
neveunièce
92%
instituteurinstitutrice
92%
comtecomtesse
91%
chevaljument
91%
boeufvache
87%
boucchèvre
79%
porctruie
76%
docteurdoctoresse
66%
jarsoie
65%
sanglierlaie
65%
lièvrehase
61%
bélierbrebis
57%
devindevineresse
29%

Distribution des résultats

Percentile par nombre de réponses

% des personnes avec chaque résultat

Votre développement - résultats

Vous n’avez pas pris ce quiz